| 000 | 01093nam a22002777a 4500 | ||
|---|---|---|---|
| 005 | 20180313102051.0 | ||
| 010 | _a1516EN07 ENG-114859 | ||
| 020 |
_a9789351770954 _c699.00 |
||
| 035 | _aEN-98391 | ||
| 035 | _aB-615422-433 | ||
| 035 | _aB-670024 | ||
| 037 | _bPansy/ven | ||
| 037 | _bDBAD/PUB | ||
| 082 | _a070.5092 | ||
| 100 | _aChopra, Ashok | ||
| 245 |
_aA scrapbook of memories / _cby Ashok Chopra |
||
| 260 |
_aNoida _bHarper Collins Publishers _c2015 |
||
| 270 |
_aA-75,Sector-57 _bNoida _e201301 |
||
| 300 |
_axii.,415p. _c24cm(Hb) _bcol. ill. |
||
| 500 | _aIncludes index | ||
| 600 |
_aChopra, Ashok, _d1949- |
||
| 650 |
_a Publishers and publishing _zIndia _zGurgaon _vBiography. |
||
| 942 |
_2ddc _cEN _mCHO _h070.5092 |
||
| 999 |
_c95994 _d95994 |
||